000 00596nam a2200241 a 4500
001 nice12345678
003 IN_TiNIC
005 20260116011425.0
008 050524s0000 laha grp 000 0 urd
020 _a
_c100
082 0 0 _a239
_bSEL2
100 _aSell, Edward
245 _aAqaid-E-Islamia
_b Faith of Islam
260 _aLahore
_bPunjab Religious Booksociety
_c0000
300 _a360p
500 _aincludes index and biblioraphy
505 2 _aHand Written Manuscript
650 _aApologetics
700 1 _aSell, Edward
902 _bRBA
942 _cBK
999 _c1402
_d1402